| 000 | 00482nam a22001817a 4500 | ||
|---|---|---|---|
| 005 | 20250326170453.0 | ||
| 008 | 250326b |||||||| |||| 00| 0 eng d | ||
| 020 | _a9781944659844 | ||
| 041 | _aEng. | ||
| 082 | _a330.01513 BUC | ||
| 100 | _aRobert, J Buchanan | ||
| 245 | _aUndergraduate Introduction To Financial Mathematics | ||
| 250 | _a3rd | ||
| 260 |
_aNew Jersey _bWorld Scientific _c2022 |
||
| 300 | _a464;. P. 23 cm | ||
| 650 | _aBusiness Mathematics | ||
| 942 | _cBK | ||
| 999 |
_c43422 _d43422 |
||